| 000 | 00968cam a22003011 4500 | ||
|---|---|---|---|
| 001 | 29960 | ||
| 003 | BD-RjUL | ||
| 005 | 20211209051505.0 | ||
| 008 | 140408s1964 nyuac b 001 0 eng | ||
| 035 | _a(BD-RjUL)30045 | ||
| 035 | _a(OCoLC)2694226 | ||
| 040 |
_aDLC _cIDeKN _dOCoLC _dCoU-M _dDLC _dBD-RjUL _beng |
||
| 041 | _aeng | ||
| 082 |
_a159.1 _bDEC 1964 |
||
| 245 | 1 | 0 |
_aDecision and choice : _bcontributions of Sidney Siegel / _cEdited by Samuel Messick [and] Arthur H. Brayfield. |
| 260 |
_aNew York : _bMcGraw-Hill, _c1964. |
||
| 300 |
_axi, 298 p. : _bill. ; _c24 cm. |
||
| 504 | _aIncludes bibliographies and index. | ||
| 650 | 0 |
_aDecision-making. _991170 |
|
| 650 | 0 |
_aChoice (Psychology) _95236 |
|
| 700 | 1 |
_aMessick, Samuel, _eed. _988754 |
|
| 700 | 1 |
_aBrayfield, Arthur H., _eed. _93722 |
|
| 700 | 1 |
_aSiegel, Sidney, _912272 |
|
| 942 |
_2ddc _cBK |
||
| 999 |
_c29960 _d29960 |
||